| 000 | 01404nam0a22003251 4500 | ||
|---|---|---|---|
| 001 | RU\INFOCOMM_327\NLR\5000028429 | ||
| 005 | 20250613110446.0 | ||
| 035 | _a(NLR Aleph) 009564534 | ||
| 090 |
_a9090118 _c9090118 |
||
| 100 | _a20130212d1986 |||y0rusy50 ca | ||
| 101 | 0 |
_aeng _deng _drus _eeng _erus |
|
| 102 | _aRU | ||
| 105 | _ay z ||||| | ||
| 200 | 1 |
_aMagnetospheric phenomena _dМагнитосферные явления _eIonospheric-magnetospheric interaction, 1983-1986 _eRep. on sci. activity in geomagnetism a. aeronomy _ePresented to the Intern. assoc. of geomagnetism a. "aeronomy for the XIX General assembly of the Intern. union of geodesy a. geophysics _fAcad. of sciences of the USSR. Sov. geophys. comm. _g[Ed.: prof. M. I. Pudovkin et al.] _zrus |
|
| 210 |
_aM. _d1986 |
||
| 215 |
_a177 с. _cил. _d21 см |
||
| 300 | _aНадщаг. также на рус. яз. | ||
| 300 | _aРез. и огл. на англ. и рус. яз. | ||
| 320 | _aБиблиогр. в конце докл. | ||
| 510 | 1 |
_aМагнитосферные явления _zrus |
|
| 620 | _aМосква | ||
| 686 |
_aД244.61 _2rubbk |
||
| 686 |
_aД214.25 _2rubbk |
||
| 702 | 1 |
_aPudovkin _bM. I. _gMichail Ivanovič _4340 |
|
| 712 | 0 | 2 |
_aSoviet geophysical committee _cMoscow _4570 |
| 801 | 1 |
_aRU _bInfocomm _c20130212 |
|
| 801 | 0 |
_aRU _bINFOCOMM _gPSBO |
|
| 852 |
_aNLR _jГн11 Д-3/61 |
||
| 942 | _cBOOK | ||
| 980 | _aNB | ||